| 000 | 01082nac a22002531u 4500 | ||
|---|---|---|---|
| 020 | _a0889368775 | ||
| 082 |
_a382.0956 _bS1281 |
||
| 090 |
_c2621 _d2621 |
||
| 100 | _a20080729 | ||
| 245 |
_aOpening doors to the world : _ba new trade agenda for the Middle East / _cEdited by Raed Safadi |
||
| 260 |
_aCairo : _bThe American University in Cairo Press ,1998 _c1998 |
||
| 300 |
_a403p. : _bill. ; _c22 cm. |
||
| 500 | _aCo-published in association with the Economic Research | ||
| 504 | _aIncludes bibliographical references and index | ||
| 650 | _aFree trade | ||
| 650 | _aInternational trade | ||
| 651 |
_aMiddle East _xCommerce |
||
| 651 |
_aAfrica, North _xCommerce. |
||
| 700 |
_aSafadi, Raed _d1958- |
||
| 710 | _aInternational Development Research Centre (Canada) | ||
| 710 | _a Economic Research Forum for the Arab Countries, Iran, and Turkey | ||
| 942 |
_cBB _k382.0956S1281 |
||
| 999 |
_c2621 _d2621 |
||